Every Fortnite Exotic - Statistics

General Stats
  • This quiz has been taken 11 times
  • The average score is 25 of 48
Answer Stats
Hint Answer % Correct
Heisted Accelerant Shotgun
83%
Heisted Breacher Shotgun
83%
Hop Rock Dualies
83%
The Dub
83%
Unstable Yoink Shotgun
83%
Chug Cannon
67%
Heisted Blink Mag SMG
67%
Heisted Explosive Assault Rifle
67%
Heisted Run 'N' Gun SMG
67%
Juice's Chug Cannon
67%
Lawless Accelerant Holo Twister AR
67%
Lawless Blink Pump & Dump
67%
Lawless Explosive Mammoth Pistol
67%
Lawless Slap Cannon
67%
Lawless Stink Rifle
67%
Lawless Twinfire Slap Shotgun
67%
Shadow Tracker
67%
Unstable Bounce Grenade
67%
Unstable Frostfire Shotgun
67%
Unstable Thunderclap DMR
67%
Exotics Boom Sniper Rifle
50%
Burst Quad Launcher
50%
Double
50%
Eradicator O.X.R. Rifle
50%
Eradicator Shock "N" Slow Shockwave Launcher
50%
Icy Grappler
50%
Lawless Final Mark Rifle
50%
Lawless Heavy Impact Tracking Rifle
50%
Lawless Rift Launcher
50%
Lawless Shockwave Rocket Launcher
50%
Lawless Trinity Assault Rifle
50%
Marksman Six Shooter
50%
Marksman Wrecker Revolver
50%
Night Hawk
50%
Trouble
50%
Unstable Voltage Burst Pistol
50%
Burst Pulse Rifle
33%
Dragon's Breath Sniper
33%
Exotic Slapberry Fizz
33%
Flight-Knock Pistol
33%
Lawless Slap Jug
33%
Storm Scout
33%
The Big Chill
33%
Chili Chug Splash
17%
Grappler Bow
17%
Super Slap Splash
17%
SypherPK Trap Tower
17%
Unstable Bow
17%
No matching quizzes found
Score Distribution
Percent of People with Each Score
Percentile by Number Answered
Your Score History
You have not taken this quiz